| 000 | 00532nam a2200205Ia 4500 | ||
|---|---|---|---|
| 008 | 160418s9999 xx 000 0 und d | ||
| 020 | _a971-17-0640-7 | ||
| 050 | _aFIL PL 5539.L9 | ||
| 050 | _b.L63 1989 | ||
| 100 | _aLocsin, Teodoro M. | ||
| 245 | _aFragments and ruins / | ||
| 245 | _cTeodoro M. Locsin. | ||
| 260 | _aManila : | ||
| 260 | _bSolar Pub. Corp., | ||
| 260 | _c1989 | ||
| 300 | _a169 pages : | ||
| 300 | _billustrations ; | ||
| 300 | _c28 cm. | ||
| 650 | _aPhilippine poetry (English) -- Collected works. | ||
| 999 |
_c293538 _d293538 |
||